नव वृंदावन : (Record no. 117049)

MARC details
000 -LEADER
fixed length control field 01421nam a22002777a 4500
003 - CONTROL NUMBER IDENTIFIER
control field dpl
005 - DATE AND TIME OF LATEST TRANSACTION
control field 20180711114620.0
008 - FIXED-LENGTH DATA ELEMENTS--GENERAL INFORMATION
fixed length control field 180711b xxu||||| |||| 00| 0 eng d
010 ## - LIBRARY OF CONGRESS CONTROL NUMBER
LC control number B-241583
020 ## - INTERNATIONAL STANDARD BOOK NUMBER
Terms of availability 150.00
International Standard Book Number 8188923001
035 ## - SYSTEM CONTROL NUMBER
System control number B-241583, B-241596
037 ## - SOURCE OF ACQUISITION
Source of stock number/acquisition Cen Lib/Ret
040 ## - CATALOGING SOURCE
Original cataloging agency DPL
Language of cataloging HN
Transcribing agency 0
082 ## - DEWEY DECIMAL CLASSIFICATION NUMBER
Classification number
Item number बंद्यो
100 ## - MAIN ENTRY--PERSONAL NAME
Personal name बंद्योपाध्याय, विभूतिभूषण
9 (RLIN) 69775
245 ## - TITLE STATEMENT
Title नव वृंदावन :
Statement of responsibility, etc विभूतिभूषण बंद्योपाध्याय; अनुवादक योगेन्द्र चौधरी
Remainder of title कहानी-संग्रह /
246 ## - VARYING FORM OF TITLE
Title proper/short title Nav vrindavan : kahani-sangreh /
Remainder of title by Vibhutibhushan Bandhopadhyay; anuvadak Yogendra
260 ## - PUBLICATION, DISTRIBUTION, ETC. (IMPRINT)
Place of publication, distribution, etc दिल्ली
Name of publisher, distributor, etc वर्षा साहित्य सदन
Date of publication, distribution, etc 2004
270 ## - ADDRESS
Address 518/6-बी, कड़कड़ी रोड, विश्वास नगर, शाहदरा
City दिल्ली
Postal code 110032
300 ## - PHYSICAL DESCRIPTION
Extent 136पृ.
Dimensions 21सेमी(सजिल्द)
650 ## - SUBJECT ADDED ENTRY--TOPICAL TERM
Topical term or geographic name as entry element हिंदी साहित्य
9 (RLIN) 69776
650 ## - SUBJECT ADDED ENTRY--TOPICAL TERM
Topical term or geographic name as entry element हिंदी --कहानियां
9 (RLIN) 2082
650 ## - SUBJECT ADDED ENTRY--TOPICAL TERM
Topical term or geographic name as entry element Hindi literature
9 (RLIN) 69777
650 ## - SUBJECT ADDED ENTRY--TOPICAL TERM
Topical term or geographic name as entry element Hindi -- Stories
9 (RLIN) 69778
942 ## - ADDED ENTRY ELEMENTS (KOHA)
Source of classification or shelving scheme Dewey Decimal Classification
Koha item type Hindi Books
Classification part
Call number suffix बंद्यो
Holdings
Withdrawn status Lost status Damaged status Not for loan Home library Current library Date acquired Source of acquisition Cost, normal purchase price Total Checkouts Total Renewals Full call number Barcode Date last seen Date checked out Copy number Cost, replacement price Price effective from Koha item type Source of classification or shelving scheme Collection code Shelving location
        Central Library Central Library 26/08/2015 Cen Lib/Ret 150.00 1 1 क बंद्यो B-241583 18/10/2024 23/09/2024 1 150.00 26/08/2015 Hindi Books      
        Patel Nagar Patel Nagar 13/12/2018 BPPD/PUB 150.00     क बंद्यो B-241587 13/12/2018     150.00 13/12/2018 Hindi Books Dewey Decimal Classification Fiction General Stacks
        Shahdara Branch Shahdara Branch 11/07/2018 BPPD/PUB 150.00 3   क बंद्यो B-241596 10/05/2019 27/04/2019   150.00 11/07/2018 Hindi Books Dewey Decimal Classification Fiction  
        Yojana Vihar Yojana Vihar 20/07/2019 BPPD/PUB 150.00 3 2 क बंद्यो B-241597 05/12/2025 07/11/2025   150.00 20/07/2019 Hindi Books Dewey Decimal Classification Fiction  

© Delhi Public Library
Hit Counter
free hit counter